000 01404aam a2200373 i 4500
001 768714001
003 CO-MdFUSB
005 20220217104926.0
007 ta
008 210813t1990 -us |||| |||| 00| 0 eng d
020 _a0879074051
040 _bspa.
_aCO-MdFUSB
_cCO-MdFUSB
_dCO-MdFUSBC
_erda
041 _aeng
_hfre
082 _223
_a271.12024
_bL462
100 1 _aLeclerq, Jean
_eautor
240 _aNouveau visage de Bernard de Clairvaus, approches psycho-historiques
245 _aA second look at Bernard of Clairvaux
_c/ Jean Leclercq ; traducido por Marie-Bernard Said
246 3 _aA second look at saint Bernard.
264 1 _aEstados Unidos :
_bCistercian Publications,
_c[1990]
264 4 _c© 1990
300 _a150 páginas
_c; 22 cm
336 _atexto
_btxt
_2rdacontent
337 _2rdamedia
_asin mediación
_bn
338 _2rdacarrier
_avolumen
_bnc
490 1 _aCistercian Studies Series
505 _aEl primer biógrafo de San Bernardo - Literatura y espontaneidad - Mecanismos de la ironía - Bernardo el psicoterapeuta - Intensidad de los conflictos internos - San Bernardo y el femenino - La psicología y la santidad
563 _aRústico
650 7 _972
_aPsicología social
700 _95488
_aSaid, Marie Bernard,
_etraductor
830 _aCistercian Studies Series
_v105
942 _cBK
945 _aJTF-925
999 _c45478
_d45478